000 00353nam a2200133Ia 4500
005 20251222155153.0
008 251222s9999||||xx |||||||||||||| ||spa||
082 _aEPI. 01.5
100 _aOPS / OMS.
245 0 _aPrincip. Epidemiologia Cont. Enfermed. Respuesta 5.- Control de Enfermedades
250 _a1ra. ed.
264 _bOPS/OMS
942 _cLIB
999 _c39649
_d39649